00899nam a2200265 i 4500001000300000003000400003005001700007008003900024020001500063040000800078080000700086080001200093100003200105245012300137260004800260300003600308504001200344650003000356655003000386710004200416856009700458942001200555999001500567952005100582bgBPK20200630132816.0 s1976 pl f |000 0 pol a8301002808 cBPK a53 a(075.8)1 aSkorko, Martad(1913-2001).10aFizyka :bpodręcznik dla studentów wyższych technicznych studiów zawodowych dla pracujących /cMarta Skorko. aWarszawa :bPańst. Wydaw. Naukowe,c1976. a841 s. :brys., wykr. ;c24 cm. aIndeks. 4aFizykaxszkoły wyższe. 4aPodręczniki akademickie2 aPaństwowe Wydawnictwo Naukowe4pbl. uhttp://koha.tu.koszalin.pl/cgi-bin/koha/opac-detail.pl?biblionumber=5310yKatalog online BPK cKS2UKD c5310d5310 00104070aBPKbBPKcwoP 44128p01014402yKS